=LDR 00000nam 2200000 4500 =001 NUTBA000000000006319 =005 20141202105136.0 =006 =007 =008 =020 ##$$a 979.107.490-9 =035 ##$$a 0010-121400000000043 =040 ##$$a NBPDMAT =082 ##$$a 612.11 =090 ##$$a 611.12$bNur d =100 ##$$a Nurhayati Setiawan =245 ##$$a Darah dalam tubuh manusia$c Nurhayati Setiawan =250 ##$$a Cet. 1 =260 ##$$a Bandung$bAcarya Media Utama$c2011 =300 ##$$a iv, 50 hlm$bilus$c25 cm =500 ##$$a Bibliografi hlm : 50 =650 ##$$a Darah =850 ##$$a NBPDMAT